European Borders Quiz Stats

 Plays Quiz Updated Oct 9, 2018

Challenge
Share
Tweet
Embed
Score 0/44 Timer 06:00
0 Plays Today
Country Longest Border With... % Correct
AustriaGermany
91%
BelgiumFrance
90.7%
FranceSpain
90.6%
AndorraSpain
88.2%
FinlandRussia
88.1%
IrelandUnited Kingdom
86.7%
DenmarkGermany
86.1%
BelarusRussia
84.2%
EstoniaLatvia
81.6%
NorwaySweden
79%
ItalySwitzerland
77.2%
PortugalSpain
76.5%
CzechiaGermany
76%
GermanyCzechia
75.8%
MonacoFrance
75.2%
LatviaLithuania
74.6%
BulgariaRomania
74%
Bosnia and HerzegovinaCroatia
73.4%
NetherlandsGermany
72%
LuxembourgBelgium
68.5%
AlbaniaGreece
66%
LiechtensteinSwitzerland
66%
Country Longest Border With... % Correct
CroatiaBosnia and Herzegovina
65.9%
San MarinoItaly
65.1%
SpainPortugal
62.4%
KosovoSerbia
61.2%
SwedenNorway
61%
RussiaUkraine
60.2%
MacedoniaGreece
58.7%
United KingdomIreland
57%
Vatican CityItaly
56.9%
LithuaniaBelarus
55.5%
RomaniaBulgaria
52.4%
SwitzerlandItaly
51.8%
GreeceBulgaria
51.6%
MoldovaUkraine
50.5%
UkraineRussia
50%
HungarySlovakia
49.6%
PolandCzechia
42.3%
MontenegroBosnia and Herzegovina
40%
SlovakiaHungary
35%
SloveniaCroatia
32.7%
TurkeyBulgaria
28.9%
SerbiaRomania
25.4%

You're not logged in!

Compare scores with friends on all Sporcle quizzes.
OR
Log In

You Might Also Like...

Show Comments

Extras

Top Quizzes Today


Score Distribution

Your Account Isn't Verified!

In order to create a playlist on Sporcle, you need to verify the email address you used during registration. Go to your Sporcle Settings to finish the process.

Report this User

Report this user for behavior that violates our Community Guidelines.

Details: